000 00317nam a2200145Ia 4500
003 OSt
005 20240329105026.0
008 170524s9999 xx 000 0 und d
020 _a8125923470
040 _cIIMTU MEERUT
100 _aDwivedi D N
245 0 _aManagerial Economic
260 _aVikas
942 _2ddc
_c02
999 _c3264
_d3264